000 00331nam a22001337a 4500
008 170807b xxu||||| |||| 00| 0 eng d
020 _a9780071744317
041 _aeng
080 _a004
100 _a34
101 _aSHKI
245 _aORACLE DATABASE ADMINISTRATION FOR MICROSOFT SQL SERVER DBAS
_cMALCHER, M
942 _2udc
_cBK
999 _c22843
_d22843